000 00306nam a22001337a 4500
008 171009b xxu||||| |||| 00| 0 eng d
020 _a9780763760564
041 _aeng
080 _a159.9
100 _a49
101 _aPSI
245 _aJUVENILE JUSTICE AND DELINQUENCY
_cSPRINGER,D.W
942 _2udc
_cBK
999 _c32663
_d32663